The boatowner's guide to GMDSS and marine radio : Marine distress and safety communications in the digital age
The new digital Global Maritime Distress and Safety System (GMDSS) is revolutionizing emergency communications and international search-and-rescue at sea. Clearly and concisely, this one-of-a-kind guide presents what you should know about using digital marine radios for emergency assistance and enha...
Spremljeno u:
| Autor kompanije: | |
|---|---|
| Format: | Knjiga |
| Jezik: | Undetermined |
| Izdano: |
Camden, Me.
International Marine/McGraw-Hill
2006
|
| Teme: | |
| Oznake: |
Dodaj oznaku
Bez oznaka, Budi prvi tko označuje ovaj zapis!
|
| Thư viện lưu trữ: | Trung tâm Học liệu Trường Đại học Cần Thơ |
|---|
| LEADER | 01119nam a2200241Ia 4500 | ||
|---|---|---|---|
| 001 | CTU_141520 | ||
| 008 | 210402s9999 xx 000 0 und d | ||
| 020 | |c 288000 | ||
| 082 | |a 623.8932 | ||
| 082 | |b U58 | ||
| 110 | |a United States Power Squadrons | ||
| 245 | 4 | |a The boatowner's guide to GMDSS and marine radio : | |
| 245 | 0 | |b Marine distress and safety communications in the digital age | |
| 245 | 0 | |c United States Power Squadrons | |
| 260 | |a Camden, Me. | ||
| 260 | |b International Marine/McGraw-Hill | ||
| 260 | |c 2006 | ||
| 520 | |a The new digital Global Maritime Distress and Safety System (GMDSS) is revolutionizing emergency communications and international search-and-rescue at sea. Clearly and concisely, this one-of-a-kind guide presents what you should know about using digital marine radios for emergency assistance and enhanced safety. | ||
| 650 | |a Radio in navigation,Artificial satellites in navigation,Navigation,Distress signals | ||
| 650 | |x Safety measures | ||
| 904 | |i Giang | ||
| 910 | |a Sách kèm CD số:AVA.001273 | ||
| 980 | |a Trung tâm Học liệu Trường Đại học Cần Thơ | ||